00258nam a2200097 4500082001100000100002800011245003800039260004100077300001300118650002900131 a423OXF aOxford University Press aOxford Urdu to English Dictionary aUK:bOxford University Press,c2013. a1125p. ; aOxford University Press,